[Event "Besancon op"]
[Site "Besancon"]
[Date "2014.??.??"]
[Round "2"]
[White "Corsini, Jean Francois"]
[Black "Kassab, Chadi"]
[Result "1/2-1/2"]
[WhiteElo "1566"]
[BlackElo "1150"]
[PlyCount "93"]
[EventDate "2014.10.29"]
[EventType "swiss"]
[EventRounds "7"]
[EventCountry "FRA"]
[SourceTitle "EXT 2016"]
[Source "ChessBase"]
[SourceDate "2015.10.08"]
[SourceVersion "1"]
[SourceVersionDate "2015.10.08"]
[SourceQuality "1"]

1. d4 Nf6 2. c4 d5 3. Nf3 dxc4 4. e3 Bg4 5. Bxc4 Nc6 6. 0-0 e5 7. dxe5 Qxd1 8. Rxd1 Nxe5 9. Be2 Nxf3+ 10. gxf3 Be6 11. Nc3 Bd6 12. e4 0-0-0 13. Be3 Bb4 14. Rdc1 Rd7 15. a3 Bxc3 16. Rxc3 Rd6 17. Rac1 c6 18. Bxa7 Rd2 19. R3c2 Rhd8 20. b4 Bb3 21. Rxd2 Rxd2 22. Bc4 Bxc4 23. Rxc4 Rd3 24. Be3 Rxa3 25. b5 Kc7 26. b6+ Kc8 27. Kg2 Ra5 28. Rb4 Nd7 29. f4 Rb5 30. Rxb5 cxb5 31. Kf1 Kd8 32. Ke2 Ke7 33. Kd3 Kd6 34. Bd4 g6 35. Kc3 Kc6 36. f3 Nxb6 37. Kb3 Nd7 38. Kb4 b6 39. h4 Nc5 40. Be3 Nd3+ 41. Kb3 Ne1 42. f5 gxf5 43. exf5 Nxf3 44. h5 Kd5 45. f6 Ke6 46. Bxb6 Kxf6 47. h6 1/2-1/2

[Event "Besancon op"]
[Site "Besancon"]
[Date "2008.12.30"]
[Round "6"]
[White "Corsini, Jean Francois"]
[Black "Miletic, Nikola"]
[Result "0-1"]
[WhiteElo "1710"]
[BlackElo "2000"]
[PlyCount "42"]
[EventDate "2008.12.26"]
[EventType "swiss"]
[EventRounds "7"]
[EventCountry "FRA"]
[SourceTitle "CBM 128 Extra"]
[Source "ChessBase"]
[SourceDate "2009.03.05"]
[SourceVersion "2"]
[SourceVersionDate "2009.03.25"]
[SourceQuality "1"]

1. e4 e5 2. Nf3 Nc6 3. Bc4 Nf6 4. Ng5 d5 5. exd5 Na5 6. Bb5+ c6 7. dxc6 bxc6 8. Be2 h6 9. Nf3 e4 10. Ng1 Bd6 11. d3 exd3 12. Qxd3 0-0 13. Nf3 Qc7 14. c3 Rd8 15. Qc2 Bg4 16. h3 Bh5 17. b4 Nb7 18. Nbd2 Bg6 19. Qb3 Re8 20. Kf1 Qe7 21. Bd1 Bd3+ 0-1

[Event "Besancon op"]
[Site "Besancon"]
[Date "2008.12.27"]
[Round "1"]
[White "Charnushevich, Aliaksei"]
[Black "Corsini, Jean Francois"]
[Result "1-0"]
[WhiteElo "2513"]
[BlackElo "1710"]
[PlyCount "57"]
[EventDate "2008.12.26"]
[EventType "swiss"]
[EventRounds "7"]
[EventCountry "FRA"]
[SourceTitle "CBM 128 Extra"]
[Source "ChessBase"]
[SourceDate "2009.03.05"]
[SourceVersion "2"]
[SourceVersionDate "2009.03.25"]
[SourceQuality "1"]

1. d4 Nf6 2. c4 e6 3. Nf3 d5 4. Nc3 Be7 5. Bf4 a6 6. e3 0-0 7. Qc2 c6 8. h3 Nbd7 9. a3 Nb6 10. c5 Nbd7 11. Bd3 g6 12. 0-0 Nh5 13. Bh6 Ng7 14. e4 dxe4 15. Nxe4 Nf6 16. Rad1 Nd5 17. Rfe1 Re8 18. Bc4 Nf5 19. Bg5 f6 20. Bc1 Ng7 21. Bf1 Nh5 22. Nfd2 f5 23. Nc3 Bf6 24. Nc4 b5 25. cxb6 Nxb6 26. Nxb6 Qxb6 27. Na4 Qc7 28. d5 Bd7 29. d6 1-0